| 000 | 00413nam a2200169Ia 4500 | ||
|---|---|---|---|
| 008 | 170203s9999 xx 000 0 und d | ||
| 020 | _a1562931164 | ||
| 050 | _aFic | ||
| 050 | _b.D818l 1992 | ||
| 100 | _aDubowski, Cathy East | ||
| 245 | 4 | _aThe Little Angel / | |
| 245 | _cCathy East Dubowski | ||
| 260 | _aU.S.A : | ||
| 260 | _bMcClanahan Book Company, Inc. | ||
| 260 | _c1992 | ||
| 300 | _a 24 pages : | ||
| 999 |
_c306052 _d306052 |
||